National Park Quiz - Acadia - Statistics

General Stats
  • This quiz has been taken 6 times
  • The average score is 3 of 16
Answer Stats
Hint Answer % Correct
US State Maine
100%
Highest mountain Cadillac Mountain
50%
Largest settlement on that island, considered a resort town for visitors to the park Bar Harbor
33%
Philanthropist who donated much of the land that would become Acadia National Park John D. Rockefeller Jr.
33%
Island on which most of the park is located Mount Desert Island
33%
Event that, for a portion of the year, first occurs in the contiguous US on the summit of that mountain Sunrise
33%
Year founded 1919
17%
Natural harbor that is the namesake of the lighthouse in the thumbnail Bass Harbor
17%
Nearest other site managed by the National Park Service, the site of the first French settlement in North America Saint Croix Island
17%
Preservationist known as the "Father of Acadia National Park," now the namesake of one of the park's mountains George Dorr
0%
Main visitor center Hulls Cove
0%
Pond in the center of the park, with a restaurant serving famous popover rolls Jordan Pond
0%
Original name of Acadia when it was designated by Congress as a national park Lafayette National Park
0%
Trail between Sand Beach and Otter Cliffs, featuring the famous Thunder Hole Ocean Path
0%
Bird of prey whose nesting habits require the closure of the above trail for part of the year Peregrine Falcon
0%
Strenuous trail that uses ladders and iron rungs to climb to the summit of Champlain Mountain Precipice Trail
0%
No matching quizzes found
Score Distribution
Percent of People with Each Score
Percentile by Number Answered
Your Score History
You have not taken this quiz